• COLONNA SONORA [COMPACT DISC]

di Topical Term

Records bibliografici associati: 1

001 - CONTROL NUMBER

  • control field: 31623

003 - CONTROL NUMBER IDENTIFIER

  • control field: IT-RoPau

005 - DATE AND TIME OF LATEST TRANSACTION

  • control field: 20140624120344.0

008 - FIXED-LENGTH DATA ELEMENTS

  • fixed length control field: 140624|| aca||aabn | a|a d

040 ## - CATALOGING SOURCE

  • Original cataloging agency: IT-RoPau
  • Transcribing agency: IT-RoPau

150 ## - HEADING--TOPICAL TERM

  • Topical term or geographic name entry element: COLONNA SONORA [COMPACT DISC]
  • : Codice MATERIA SPICS: 9949

670 ## - SOURCE DATA FOUND

  • Source citation: Work cat.: (IT-RoPau)102057: Menken Alan 27229, Gobbo di Notre Dame (Il)
CREDITS: SOCIETA' SAN PAOLO Via A.Severo, 58 - ROMA (RM) & PERIODICI SAN PAOLO SRL Via Giotto, 36 MILANO & CISF Via Giotto, 36 MILANO & EDIZIONI SAN PAOLO SRL,  Piazza Soncino, 5 CINISELLO BALSAMO (MI) -- ITALY